MARC details
| 000 -LÍDER |
| campo de controle de tamanho fixo |
01344nam a2200313 4500 |
| 001 - NÚMERO DE CONTROLE |
| campo de controle |
317 |
| 003 - IDENTIFICADOR DO NÚMERO DE CONTROLE |
| campo de controle |
OSt |
| 005 - DATA E HORÁRIO DA ÚLTIMA TRANSAÇÃO |
| campo de controle |
20250326092019.0 |
| 008 - CAMPO DE DADOS FIXOS--INFORMAÇÃO GERAL |
| campo de controle de tamanho fixo |
250325b |||||||e |||| 00| e eng d |
| 040 ## - FONTE DA CATALOGAÇÃO |
| Idioma da catalogação |
por |
| 041 ## - CÓDIGO DE IDIOMA |
| Código do idioma do original e/ou traduções intermediárias do texto |
ger |
| Código do idioma do texto/trilha sonora ou título diferente |
por |
| 082 ## - CDD - CLASSIFICAÇÃO DECIMAL DE DEWEY |
| Número de Classificação |
149.8 |
| Número do exemplar |
N677a |
| 100 1# - ENTRADA PRINCIPAL--NOME PESSOAL |
| Nome pessoal |
Nietzsche, Friedrich Wilhelm, |
| Datas associadas ao nome |
1844-1900 |
| 9 (RLIN) |
633 |
| 240 ## - TÍTULO UNIFORME |
| Título uniforme |
Also sprach Zarathustra: Ein Buch für Alle und Keinen. |
| 245 ## - TÍTULO |
| Título |
Assim falava Zaratustra / |
| Indicação de responsabilidade, etc. |
Nietzsche, Friedrich Wilhelm,; |
| 260 ## - PUBLICAÇÃO, DISTRIBUIÇÃO, ETC. |
| Local de publicação, distribuição, etc. |
Espírito Santo |
| Nome do editor, distribuidor, etc. |
Formar |
| Data da publicação, distribuição, etc. |
1978 |
| 300 ## - DESCRIÇÃO FÍSICA |
| Extensão |
276 p. |
| 490 1# - TÍTULO DA SÉRIE |
| Título da série |
Grandes Mestres do Pensamento |
| Número do volume ou designação sequencial da série |
Livro 4 |
| 500 ## - NOTA GERAL |
| Nota geral |
Volume 4 da Coleção "Grande Mestres do Pensamentos". |
| 520 ## - NOTA DE RESUMO, ETC. |
| Resumo, etc. |
Assim falava Zaratustra", o livro mais famoso e controverso de toda a obra nietzschiana, lança mão da figura semilendária do filósofo persa do século VI a.C. para desenvolver, em uma combinação de elementos narrativos, conceituais e líricos, os quatro grandes temas que formam o pensamento de Nietzsche: o super-homem, a “morte” de Deus, a vontade de poder e o eterno retorno.<br/> |
| 650 #0 - ASSUNTO--TERMO TÓPICO |
| Cabeçalho tópico ou nome geográfico |
Literatura Alemã |
| 9 (RLIN) |
365 |
| 650 #0 - ASSUNTO--TERMO TÓPICO |
| Cabeçalho tópico ou nome geográfico |
Crítica social |
| 9 (RLIN) |
514 |
| 650 #0 - ASSUNTO--TERMO TÓPICO |
| Cabeçalho tópico ou nome geográfico |
Existencialismo |
| 9 (RLIN) |
217 |
| 650 #0 - ASSUNTO--TERMO TÓPICO |
| Cabeçalho tópico ou nome geográfico |
Filosofia |
| 9 (RLIN) |
4 |
| 655 #0 - TERMO DE ÍNDICE--GÊNERO E FORMA |
| Gênero/forma/ou termo foco |
Não Ficção |
| 655 #0 - TERMO DE ÍNDICE--GÊNERO E FORMA |
| Gênero/forma/ou termo foco |
Ensaio |
| 830 ## - ENTRADA SECUNDÁRIA DE SÉRIE--TÍTULO UNIFORME |
| Título uniforme |
Grandes Mestres do Pensamento |
| Número do volume ou designação sequencial da série |
vol. 4 |
| 9 (RLIN) |
596 |
| 942 ## - ELEMENTOS DE ENTRADA ADICIONADOS (KOHA) |
| Fonte de classificação ou esquema de arquivamento |
Classificação decimal de Dewey |
| Ocultar no OPAC |
Não |
| Tipo de material Koha |
Livros |